000 00774nam a2200265 i 4500
001 bg
245 0 0 _aNajwiększe wydarzenia w historii świata /
_cpod red. Jaquesa Marseille'a i Nadeije Laneyrie-Dagen ; [tekst pol. Marek Cetwiński].
260 _aDiepholz :
_bMAK,
_ccop. 2000.
300 _a325 s. :
_bil. ;
_c30 cm.
490 1 _aLarousse Dzieje Ludzkości
504 _aIndeks.
650 9 _aHistoria
655 _aEncyklopedie
655 _aKalendarium
700 1 _aMARSEILLE, Jaques.
_eRed.
700 1 _aLANEYRIE-DAGEN, Nadeije.
_eRed.
830 _aLarousse Dzieje Ludzkości
020 _a3931154076
040 _cBPK
041 1 _apl
080 _a94(03)
920 _a3-931154-07-6
942 _cKS
008 s pl f |000 0 pol
999 _c38293
_d38293